Ejercicios de contemplación. Introducción a la vida contemplativa y a la invocación de Jesús.

Сохранить в:
Библиографические подробности
Главный автор: Jalics, Franz (autor)
Формат: Неизвестно
Опубликовано: Salamanca, España: Ediciones Sígueme, 2024.
Редактирование:Séptima edición
Серии:Colección Nueva Alianza
Предметы:
Метки: Добавить метку
Нет меток, Требуется 1-ая метка записи!

MARC

LEADER 00000 a2200000 4500
003 CL-VaPUC
005 20250107164240.0
008 241218t2024 ||||| |||| 00| 0 eng d
999 |c 445732  |d 445730 
020 |a 978-84-301-1330-9 
040 |c Pontificia Universidad Católica de Valparaíso 
082 |2 22  |a 248.34 JAL 2024 
100 |a Jalics, Franz  |9 893876  |e autor 
245 |a Ejercicios de contemplación.  |b Introducción a la vida contemplativa y a la invocación de Jesús. 
250 |a Séptima edición 
260 |a Salamanca, España:  |b Ediciones Sígueme,   |c 2024. 
300 |a 318 páginas. 
490 |a Colección Nueva Alianza  |n  142. 
583 |k Yessy Díaz Vidal   |c 20241218 
650 0 |9 317501  |a Contemplación  |x Espiritualidad  |v Ejercicios 
650 0 |9 881640  |a Relación con Dios  |x Guía práctica  |x Conversaciones reales 
942 |2 ddc  |c BK 
952 |0 0  |1 0  |2 ddc  |4 0  |6 248_340000000000000_JAL_2024  |7 0  |8 A  |9 598749  |a BIBTEO  |b BIBTEO  |d 2024-12-17  |e 8  |g 22750.00  |i 5663707  |l 1  |m 2  |o 248.34 JAL 2024  |p 5663707  |r 2025-04-28  |s 2025-04-10  |t 1  |v 22750.00  |w 2024-12-17  |y BK  |k ICR